Spaans, voedsel - Statistieken

Algemene statistieken
  • Deze quiz is 12 keer genomen
  • De gemiddelde score is 4 van 9
Antwoordstatistieken
Hint Antwoord % Correct
Brood Pan
100%
Eieren Huevos
82%
Hummus Hummus
82%
Yoghurt Yogur
45%
Sla Lechuga
36%
Noten Nueces
27%
Geitenkaas met honing Queso de cabra con miel
27%
Kruiden Hierbas
18%
Rode druiven Uvas rojas
9%
Geen overeenkomende quizzen gevonden
Scoreverdeling
Procent van Mensen met Elke Score
Percentiel versus Aantal Correcte Antwoorden
Uw Scoregeschiedenis
U heeft deze quiz nog niet genomen